书目信息 |
| 题名: |
现代精细化学化工产品技术大全
|
|
| 作者: | 钱旭红 , 莫述城 主编 | |
| 分册: | ||
| 出版信息: | 北京 科学出版社出版社 2001 |
|
| 页数: | 871 | |
| 开本: | 26cm | |
| 丛书名: | ||
| 单 册: | ||
| 中图分类: | TQ064-62 | |
| 科图分类: | ||
| 主题词: | 化工产品--包装 , 化工过程:生产过程 , 化工产品--后处理 | |
| 电子资源: | ||
| ISBN: | 7-03-007865-9 | |
| 000 | 00707nam0 2200217 450 | |
| 001 | 0754114953 | |
| 005 | 20070929150154.95 | |
| 010 | @a7-03-007865-9 | |
| 100 | @a20070929d km y0chiy0120 ea | |
| 101 | 0 | @achi |
| 200 | 1 | @a现代精细化学化工产品技术大全@Axian dai jing xi hua xue hua gong chan pin ji shu da quan@f钱旭红,莫述城 主编@Fqian xu hong,mo shu cheng zhu bian |
| 210 | @a北京@c科学出版社出版社@d2001 | |
| 215 | @a871@c插图@d26cm | |
| 606 | 0 | @a化工产品@x包装 |
| 606 | 0 | @a化工过程:生产过程 |
| 606 | 0 | @a化工产品@x后处理 |
| 690 | @aTQ064-62@v3 | |
| 701 | 0 | @a钱旭红@Aqian xu hong@4主编 |
| 701 | 0 | @a莫述城@Amo shu cheng@4主编 |
| 801 | 0 | @aCN@bPFT@c20070929 |
| 905 | @a213230@dTQ064-62@eh85@f1 | |
| 现代精细化学化工产品技术大全/钱旭红,莫述城 主编.-北京:科学出版社出版社,2001 |
| 871:插图;26cm |
| ISBN 7-03-007865-9: |
| ● |
| 相关链接 |
|
|
|
|
正题名:现代精细化学化工产品技术大全
索取号:TQ064-62/h85
 
预约/预借
| 序号 | 登录号 | 条形码 | 馆藏地/架位号 | 状态 | 备注 |
| 1 | 6001232 | 260012328 | 密集书库-化学系/ [索取号:TQ064-62/h85] | 在馆 |